000 00766nam a2200265Ia 4500
005 20260302114519.0
008 008 260114s9999 xx 000 0 eng d
020 _a9780567664655
037 _aTextbook
040 _aCRL
040 _beng
040 _cCRL
041 _2eng
041 _aeng
084 _qCRL
100 _aPaul V. Axton
_91118984
245 4 _aThe Psychotheology of Sin and Salvation An Analysis of the Meaning of the Death of Christ in Light of the Psychoanalytical Reading of Paul
260 _bBloomsbury
260 _bT&T Clark
260 _c2015
650 _aPhilosophy
856 _uhttps://dx.doi.org/10.5040/9780567664655?locatt=label:secondary_bloomsburyCollections
942 _cEBOOK
999 _c1682827
_d1682827